| 000 | 00585nam a2200193 i 4500 | ||
|---|---|---|---|
| 001 | bg | ||
| 100 | 1 | _aSKALMIERSKI, Bogdan | |
| 245 | 0 |
_aMechanics / _cBogdan Skalmierski ; [transl. from Pol. Jerzy Bachrach]. |
|
| 260 |
_aWarszawa ; Amsterdam : _bPWN [Państ. Wydaw. Naukowe] = Polish Scientific Publ. : Elsevier, _c1991. |
||
| 300 |
_a442 s. : _brys., wykr. ; _c25 cm. |
||
| 504 | _aBibliogr. s. 433-438. | ||
| 020 | _a8301096578 | ||
| 040 | _cBPK | ||
| 041 | _apol | ||
| 080 | _a531/534 | ||
| 920 | _a83-01-09657-8 | ||
| 942 | _cKS | ||
| 008 | s pl f |000 0 pol | ||
| 999 |
_c29946 _d29946 |
||
| 856 |
_uhttp://koha.tu.koszalin.pl/cgi-bin/koha/opac-detail.pl?biblionumber=29946 _yKatalog online BPK |
||